| 000 | 00644nam a2200205 i 4500 | ||
|---|---|---|---|
| 001 | 143523 | ||
| 003 | ES-MaACL | ||
| 005 | 20250829063125.0 | ||
| 007 | t| | ||
| 008 | 070214s1910 fr r ||||1| fre d | ||
| 100 | 1 |
_aSertillanges, Antonin-Dalmace, _d1863-1948 _9105847 |
|
| 245 | 1 | 0 |
_aS. Thomas d'Aquin / _cpar A. D. Sertillanges. |
| 260 |
_aParis : _bFélix Alcan, _c1910 ( _eLe Mesnil : _fFirmin Didot) |
||
| 300 |
_a2 t. ; _c22 cm. |
||
| 490 | 1 | _aLes grands philosophes | |
| 600 | 0 | 4 |
_aTomás de Aquino, _cSanto _9110514 |
| 830 | 0 |
_aLes grands philosophes _9182277 |
|
| 852 |
_aES-MaACL _jD-1663-64 |
||
| 999 |
_c143523 _d143523 |
||